000 00624nam a22001937a 4500
005 20180705101659.0
010 _aENG-123381
020 _c425.00
_a9789352534388
035 _aEN-106913
037 _bDBAD/PUB
082 _a590
100 _aAgarwal, V.K.
245 0 0 _aZoology for degree students:
_cby V.K. Agarwal,
_bBSc (Hons) semester I /
260 _aNew Delhi
_bS. Chand and Company
_c2018
270 _a7361, Ram Nagar,
_bNew Delhi
_e110055
300 _a928p.
_c27cm(pbk)
_bill.
500 _aIt includes index. As per UGC choice based credit system (CBCS)
942 _2ddc
_cEN
_mAGA
_h590
999 _c153405
_d153405